| 000 | 00659nam a2200217 a 4500 | ||
|---|---|---|---|
| 005 | 20220816124206.0 | ||
| 008 | 030903s1996 ea r 000 0 spa d | ||
| 020 | _a9275315582 | ||
| 035 | _aUPN01000128441 | ||
| 049 | _aCG | ||
| 050 | 4 |
_aT11 _bD3.3 1996 |
|
| 100 | 1 |
_aDay, Robert A., _d1924- |
|
| 245 | 1 | 0 |
_aCómo escribir y publicar trabajos científicos / _cRobert A. Day ; tr. Miguel Sáenz. |
| 250 | _a2a ed. | ||
| 260 |
_aWashington, D.C. : _bOPS, _c1996. |
||
| 300 |
_a217 p. : _bil. |
||
| 440 | 0 |
_aPublicación científica ; _v558 |
|
| 650 | 7 |
_aRedacción de escritos técnicos _2 _912156 |
|
| 650 | 4 |
_aEDICIONES TECNICAS _914641 |
|
| 905 | _aLibro | ||
| 999 |
_c100620 _d100620 |
||